LEADER 01094nam1 2200385 450 001 990000451140203316 010 $a84-7243-435-2 035 $a0045114 035 $aUSA010045114 035 $a(ALEPH)000045114USA01 035 $a0045114 100 $a20010517d1990----km-y0itay0103----ba 101 $aspa 102 $aES 105 $a||||||||001yy 200 1 $aHistoria de America Latina$fLeslei Bethell, ed. 210 $aBarcellona$cEditorial Critica$d1990-1992 215 $a10 v.$d24 cm 225 2 $aSerie Mayor 312 $aThe Cambridge of Latin America 410 $12001$aSerie Mayor 454 $12001$aThe Cambridge of Latin America$960494 461 1$1001-------$12001 676 $a980 702 1$aBETHELL,$bLeslie 801 0$aIT$bsalbc$gISBD 912 $a990000451140203316 951 $aIIsp B 4 176$bLM$cIIsp B 4 176 959 $aBK 969 $aUMA 979 $aPATTY$b90$c20010517$lUSA01$h1220 979 $c20020403$lUSA01$h1653 979 $aPATRY$b90$c20040406$lUSA01$h1631 996 $aThe Cambridge of Latin America$960494 997 $aUNISA LEADER 00943nam0-22002891i-450 001 990004813020403321 005 20240711163259.0 035 $a000481302 035 $aFED01000481302 035 $a(Aleph)000481302FED01 035 $a000481302 100 $a19990530g19819999km-y0itay50------ba 101 0 $aita 105 $aa-------00--- 200 1 $a<>filosofia dell'arredamento$eI mutamenti del gusto della decorazione interna attraverso i secoli dall'antica Roma ai nostri tempi$fdi Mario Praz$gimpaginato da Mario Monti 210 $aMilano$cLonganesi & C.$dc1981. 215 $a400 p.$cill.$d32 cm 225 1 $a<>marmi$v41 700 1$aPraz,$bMario$f<1896-1982>$011364 702 1$aMonti,$bMario 801 0$aIT$bUNINA$gRICA$2UNIMARC 901 $aBK 912 $a990004813020403321 952 $a854.91 PRAM 01$bFil. Mod. 34390$fFLFBC 959 $aFLFBC 996 $aFilosofia dell'arredamento$9351806 997 $aUNINA LEADER 05265nam 22007933 450 001 9910915790003321 005 20231101080225.0 010 $a1-922102-74-1 035 $a(MiAaPQ)EBC30836097 035 $a(Au-PeEL)EBL30836097 035 $a(CKB)28637940600041 035 $a(EXLCZ)9928637940600041 100 $a20231101d2023 uy 0 101 0 $aeng 135 $aurcnu|||||||| 181 $ctxt$2rdacontent 182 $cc$2rdamedia 183 $acr$2rdacarrier 200 10$aYaru! Gudjal Learner's Guide and Dictionary 205 $a1st ed. 210 1$aCanberra :$cAboriginal Studies Press,$d2023. 210 4$dİ2023. 215 $a1 online resource (128 pages) 311 $a1-922102-44-X 327 $aFront cover -- Inside front cover -- Half-title page -- Dedication -- Title page -- Imprint/copyright page -- Contents -- Preface -- Introduction -- Map of North Queensland -- Learner's Guide -- 1 Learning Gudjal Language -- 1.1 Language learning tips -- 1.2 Gudjal example sentences -- 1.3 Some useful grammar terms -- 2 The sounds of Gudjal -- 2.1 Consonants -- 2.3 Stress -- 3 Greeting people in Gudjal -- 4 Nouns, pronouns, adjectives -- 4.1 'The' and 'a' -- 4.2 Using things: 'with a . . .' -- 4.3 'To' and 'for' -- 4.4 'From' somewhere -- 4.5 Where something happened: 'in', 'on' and 'at' -- 4.6 Possession: whose is it? -- 4.7 Who does what in a sentence? -- 4.9 'Here', 'there', 'this' and 'that' -- 5 Verbs -- 5.1 Intransitive and transitive verbs -- 5.2 How to say 'is' -- 5.3 Telling someone to do something -- 5.4 Talking about the past and the present -- 5.5 Continuous actions -- 5.6 Talking about the future -- 5.7 'So that . . . ', 'in order to' -- 5.8 Saying something didn't happen: 'not', 'don't' -- 5.9 How to say you don't know something -- 6 Other aspects of grammar -- 6.1 Questions -- 6.2 Saying 'and' or 'but' -- 6.3 Drawing attention to a word -- 6.4 Positions: 'up', 'down', 'behind' -- 6.5 Adverbs -- 7 Word endings and pronouns -- 7.1 Endings -- 7.2 Pronouns -- 8 Gudjal skin system -- 8.1 Skins -- 8.2 Totems -- 9 Songs and Welcome -- 9.1 Songs -- 9.2 Welcome to Country -- Dictionary -- 10 Gudjal to English dictionary -- 11 English to Gudjalin categories -- 12 English to Gudjal finder list -- Further reading and listening -- About the authors -- Back cover. 330 $aGudjal is the language of the people of the Mural (Charters Towers) region, in western inland north Queensland. The beginnings of this dictionary and learner's guide were in the 1970s when Gudjal people began working with linguists to record their language. The first dictionary of Gudjal, by William Santo and Cassy Nancarrow, was published in 2006; and so, a language that had been sleeping started to awaken. In "Yaru!", the dictionary has been expanded and the first-ever Gudjal grammar is included, as well as four songs and a Welcome to Country. The book has been compiled by Gudjal elder William Santo and linguists Alex Anderson, Cassy Nancarrow and Myfany Turpin. It includes accompanying audio read by Keesha Gordon and Shakira Kelly. The audio is accessed through QR codes in the book and can be downloaded from the associated website. "Yaru!" will be essential to the Gudjal community and schools in the Charters Towers region to build a new generation of language speakers. It will also be of value to people interested in Australia's first peoples, their languages and language revival. 606 $aAustralian languages 606 $aAustralian languages$vDictionaries$xEnglish 606 $aAboriginal Australians$zAustralia$zQueensland 606 $aLangues australiennes 606 $aAustraliens (Aborige?nes)$zAustralie$zQueensland 606 $aGudjal language E60$2aiatsisl 606 $aa Language - Vocabulary - Word lists$2aiatsiss 606 $aLanguage - Vocabulary$2aiatsiss 606 $aLanguage - Linguistics - Vocabulary and grammar$2aiatsiss 606 $aAboriginal Australians$2fast 606 $aAustralian languages$2fast 606 $aLanguage & Linguistics$2thema 607 $aMuralag / Prince of Wales Island (Qld TSI SC54-11) 607 $aQueensland$2fast 608 $adictionaries.$2aat 608 $aDictionaries$2fast 608 $aDictionaries.$2lcgft 608 $aDictionnaires.$2rvmgf 610 $aAboriginal and/or Torres Strait Islander content 610 $aAustralian 615 0$aAustralian languages. 615 0$aAustralian languages$xEnglish. 615 0$aAboriginal Australians 615 6$aLangues australiennes. 615 6$aAustraliens (Aborige?nes) 615 7$aGudjal language E60. 615 7$aa Language - Vocabulary - Word lists. 615 7$aLanguage - Vocabulary. 615 7$aLanguage - Linguistics - Vocabulary and grammar. 615 7$aAboriginal Australians 615 7$aAustralian languages 615 7$aLanguage & Linguistics. 676 $a499.15 700 $aAnderson$b Alex$01779766 701 $aSanto$b William$01779767 701 $aTurpin$b Myfany$01779768 801 0$bMiAaPQ 801 1$bMiAaPQ 801 2$bMiAaPQ 906 $aBOOK 912 $a9910915790003321 996 $aYaru! Gudjal Learner's Guide and Dictionary$94303327 997 $aUNINA